Zákon o pobyte cudzincov

Vybrané ustanovenia k zákonu č. 404/2011 Z. z. o pobyte cudzincov v platnom znení s komentárom.

Na minha lista:
Detalhes bibliográficos
Autor principal: Čičkánová, Petra
Formato: Capítulo de Livro
Idioma:eslovaco
Assuntos:
Tags: Adicionar Tag
Sem tags, seja o primeiro a adicionar uma tag!

MARC

LEADER 00000naa a2200000 4500
001 0295287
005 20240417075241.3
041 0 |a slo 
044 |a SK 
245 1 0 |a Zákon o pobyte cudzincov  |c Petra Čičkánová 
520 |a Vybrané ustanovenia k zákonu č. 404/2011 Z. z. o pobyte cudzincov v platnom znení s komentárom. 
610 2 0 |a zákony 
610 2 0 |a legislatíva 
610 2 0 |a právo 
610 2 0 |a pobyt cudzincov 
610 2 0 |a cudzinci 
610 2 0 |a Slovensko 
100 1 |a Čičkánová, Petra